| 000 | 00588nam a2200181Ia 4500 | ||
|---|---|---|---|
| 003 | OSt | ||
| 005 | 20200922102923.0 | ||
| 008 | 190216s9999||||xx |||||||||||||| ||und|| | ||
| 040 | _coclc | ||
| 082 |
_a581 _bPAN/T |
||
| 100 |
_aPandey, S N _92549 |
||
| 245 | 0 |
_aA Textbook Of Botany: _bAlgae, Fungi, Bacteria, Mycoplasmas, Viruses, Lichens and Elementary Plant Pathology / _cS N Pandey ; P S Trivedi |
|
| 250 | _a10th Ed. | ||
| 260 |
_bVikas Publishing House, _c1994. _aNew Delhi: |
||
| 300 | _a613p | ||
| 650 | _aBotany | ||
| 942 |
_cBK _2ddc _h581 _iPAN/T _k581 _mPAN/T |
||
| 999 |
_c1442 _d1442 |
||